[Event "Liape Magistral 02-B email"]
[Site "Liape email"]
[Date "2002.08.06"]
[Round "2"]
[White "Barros da Silva, Osias"]
[Black "Batres Bianchi, Luis Carlos"]
[Result "1-0"]
[WhiteElo "1800"]
[BlackElo "1600"]
[PlyCount "49"]
[EventDate "2002.08.05"]
[EventType "tourn (corr)"]
[EventRounds "8"]
[EventCountry "ARG"]
[SourceTitle "Corr 2006"]
[Source "ChessBase"]
[SourceDate "2006.04.01"]
[SourceVersion "3"]
[SourceVersionDate "2006.04.01"]
[SourceQuality "1"]

1. d4 Nf6 2. c4 g6 3. Nc3 d5 4. Bf4 Bg7 5. e3 0-0 6. cxd5 Nxd5 7. Nxd5 Qxd5 8. Bxc7 Nc6 9. Ne2 Bf5 10. Nc3 Qd7 11. Bg3 Rfd8 12. Rc1 Rac8 13. Be2 Qe8 14. Qa4 a6 15. 0-0 Bd7 16. Qa3 e6 17. Ne4 Kh8 18. Bh4 f6 19. Nxf6 Qf7 20. Ne4 Bf8 21. Qb3 Be7 22. Bxe7 Qxe7 23. Qxb7 Rb8 24. Qc7 Rdc8 25. Qd6 1-0